Comparative free government.

Bibliographic Details
Main Author: Macy, Jesse, 1843-1919
Other Authors: Gannaway, John Walter, 1877-
Format: Book
Language:English
Published: New York : The Macmillan company, 1915.
Series:Social Science text books.
Subjects:

MARC

Tag First Indicator Second Indicator Subfields
LEADER 00000cam a2200000 4500
001 in00000065036
005 20151008051216.0
008 721117s1915 nyu 00000 eng u
010 |a  15025952  
035 |a (OCoLC)00497880 
035 |9 AAG6454AM 
040 |c WSU  |d TXA  |d UtOrBLW 
049 |a TXAM  |c [4445] 
090 |a JF51  |b .M35 
092 |a 342  |b M17 
100 1 |a Macy, Jesse,  |d 1843-1919. 
245 1 0 |a Comparative free government. 
264 1 |a New York :  |b The Macmillan company,  |c 1915. 
300 |a 754 pages ;  |c 21 cm. 
336 |a text  |b txt  |2 rdacontent 
337 |a unmediated  |b n  |2 rdamedia 
338 |a volume  |b nc  |2 rdacarrier 
490 1 |a Social science text-books 
650 0 |a Political science. 
700 1 |a Gannaway, John Walter,  |d 1877- 
830 0 |a Social Science text books. 
999 |a MARS 
999 f f |s 5e1f2728-bf3a-369e-bb85-5e44cdb8e913  |i fd4b1979-ce63-3d95-aef6-861321c41436  |t 0 
952 f f |p ric  |a Texas A&M University  |b Rellis Campus  |c Joint Library Facility  |d Remote Storage  |t 0  |e JF51 .M35  |h Library of Congress classification  |i unmediated -- volume  |m A14800786043 
998 f f |a JF51 .M35  |t 0  |l Remote Storage